000 00293nam a22001217a 4500
008 170309b xxu||||| |||| 00| 0 eng d
041 _aeng
080 _22ND
_a611
100 _a6
101 _aSHM
245 _aCHILDREN ARE DIFFERENT" DEVELOPMENTAL PHYSIOLOGY
_cJOHNSON, TH.R
942 _2udc
_cBK
999 _c7292
_d7292